| 000 | 00889nam a22002177a 4500 | ||
|---|---|---|---|
| 003 | OSt | ||
| 005 | 20260313034331.0 | ||
| 008 | 260313b |||||||| |||| 00| 0 eng d | ||
| 020 | _a978-981-07-4562-2 | ||
| 040 |
_aDWCL GS lib _cOC |
||
| 082 | _aM479e 2011 | ||
| 100 | _aMCFARLANE, SUSANNAH | ||
| 245 |
_aEJ12 girl hero: drama queen _cSUSANNAH MCFARLANE |
||
| 260 |
_aNew York _bScholastic _c2011 |
||
| 300 |
_a126 p _c20cm |
||
| 520 | _afollows Emma Jacks, a 10-year-old spy for the SHINE agency who balances normal school anxieties—like friend drama—with high-stakes missions. | ||
| 650 | _a"Shining Star" agent for the agency SHINE, at school she is a normal girl struggling with friendship issues, mean girls, and daily anxieties. | ||
| 650 | _aShe needs to infiltrate the movie set and stop SHADOW before it's too late | ||
| 700 | _aSUSANNAH MCFARLANE | ||
| 942 |
_2ddc _cFIC. _n0 |
||
| 999 |
_c9107 _d9107 |
||